000
00494nam a2200181Ia 4500
008
090124s9999 xx 000 0 und d
082
_b
115893
100
_a
खोत शकंुतला
245
_a
भरतीची लाट
250
_a
1
260
_c
1973
300
_a
83
600
_a
खोत शकंुतला
630
_a
भरतीची लाट
700
_a
खोत शकंुतला
730
_a
भरतीची लाट
942
_c
BOOK
999
_c
161984
_d
161984